| 000 | 01173nam a2200301Ia 4500 | ||
|---|---|---|---|
| 001 | ebr10627147 | ||
| 003 | CaPaEBR | ||
| 006 | m u | ||
| 007 | cr cn||||||||| | ||
| 008 | 121206s2012 dcu sb 000 0 eng d | ||
| 020 | _z9781475505443 | ||
| 020 | _z9781475512342 | ||
| 040 |
_aCaPaEBR _cCaPaEBR |
||
| 035 | _a(OCoLC)802517539 | ||
| 050 | 1 | 4 |
_aHD61 _b.C65 2012eb |
| 100 | 1 | _aCole, Shawn. | |
| 245 | 1 | 0 |
_aBarriers to household risk management _h[electronic resource] : _bevidence from India / _cShawn Cole ... [et al.]. |
| 260 |
_aWashington, D.C. : _bInternational Monetary Fund, _cc2012. |
||
| 300 | _a42 p. | ||
| 440 | 0 |
_aIMF working paper ; _vWP/12/195 |
|
| 504 | _aIncludes bibliographical references. | ||
| 533 |
_aElectronic reproduction. _bPalo Alto, Calif. : _cebrary, _d2011. _nAvailable via World Wide Web. _nAccess may be limited to ebrary affiliated libraries. |
||
| 650 | 0 |
_aFinancial risk _zIndia. |
|
| 650 | 0 |
_aRisk management _zIndia. |
|
| 655 | 7 |
_aElectronic books. _2local |
|
| 710 | 2 | _aebrary, Inc. | |
| 856 | 4 | 0 |
_uhttp://site.ebrary.com/lib/rucke/Doc?id=10627147 _zAn electronic book accessible through the World Wide Web; click to view |
| 999 |
_c49890 _d49890 |
||